000 01137 a2200193 4500
001 54229
005 20260407155813.0
008 260407a1973 arg spa d
003 AR-UNSa-BCEJYS
040 _aAR-UNSa-BCEJYS
_bspa
_cAR-UNSa-BCEJYS
080 _a336.741.2
_xNaturaleza de la moneda. Teoría general del dinero
245 1 0 _aFunción del dinero en la economía
264 1 _aMéxico :
_bLimusa
_c1973
300 _a240 p.
_c25 cm.
505 _a1. Conceptos económicos básicos - 2. Las funciones del dinero - 3. Definición del medio circulante y el balance general de un banco comercial - 4. Las actividades de un banco - 5. Expansión de los depósitos a la vista en el sistema bancario - 6. El sistema de la reserva federal - 7. Instrumentos de política monetaria - 8. La teoría macroeconómica básica, sin dinero - 9. La demanda de dinero para transacciones y la teoría cuantitativa del dinero - 10. La demanda de dinero para especualación y el enfoque keynesiano - 11. El sistema keynesiano de la demanada agregada
942 _cBK
590 _aniveau_biblio:m niveau_hierar:0
100 1 _aHavrilesky, Thomas M.
999 _c5400
_d5400